000 00572nam a2200193Ia 4500
005 20250508163456.0
008 008 250505s9999 xx 000 0 hin d
037 _aDissertations
040 _aFEDL
_beng
_cFEDL
041 _ahin
_2eng
084 _a372.21, SHU/DI
_qFEDL
100 _aShukla Manju
_9775413
245 0 _aBalbadi jane wale tatha balbadi na jane wale balkon ke adaton ka addhyan
260 _c1976
300 _a72p.
546 _aM.Ed. Dissertation (Delhi University)
942 _cDIS
_h372.21, SHU/DI
999 _c1383544
_d1383544